capitais mais populosas do mundo - Statistics

Estatísticas Gerais
  • Esse quiz foi jogado 55 vezes
    31 desde o último reset
  • A pontuação média é 28 de 51
Estatísticas das Respostas
CONTINENTE DA CAPITAL Resposta % Correto
EUROPA LONDRES
96%
EUROPA PARIS
96%
AMÉRICA BRASÍLIA
93%
AMÉRICA CIDADE DO MÉXICO
93%
ÁSIA TOQUIO
93%
AMÉRICA BUENOS AIRES
89%
EUROPA MADRID
89%
ÁSIA PEQUIM
89%
EUROPA BERLIM
86%
EUROPA ROMA
86%
AMÉRICA LIMA
82%
EUROPA MOSCOU
82%
AMÉRICA BOGOTÁ
79%
EUROPA KIEV
79%
AMÉRICA SANTIAGO
79%
AMÉRICA CARACAS
75%
ÁSIA NOVA DELHI
75%
ÁFRICA CAIRO
71%
ÁSIA SEUL
71%
ÁSIA JACARTA
64%
EUROPA VARSÓVIA
64%
ÁSIA ANCARA
61%
AMÉRICA HAVANA
61%
ÁSIA BAGDA
57%
EUROPA BUDAPESTE
57%
EUROPA BUCARESTE
54%
ÁSIA DACA
54%
ÁFRICA LUANDA
54%
ÁSIA TEERÃ
54%
ÁSIA DAMASCO
50%
ÁSIA MANILA
50%
ÁSIA RIADE
50%
ÁFRICA PRETÓRIA
46%
EUROPA MINSK
43%
ÁFRICA NAIRÓBI
43%
ÁSIA SINGAPURA
43%
ÁSIA CABUL
36%
ÁSIA PYONGYANG
36%
EUROPA BAKU
32%
ÁFRICA ADIS ABEBA
29%
ÁSIA BANGUECOQUE
25%
ÁSIA HANOI
25%
ÁFRICA KINSHASA
21%
ÁSIA AMÃ
18%
ÁFRICA CARTUM
18%
ÁFRICA KAMPALA
18%
AMÉRICA SANTO DOMINGO
18%
ÁFRICA ACRA
7%
ÁSIA TASHKENT
7%
ÁFRICA RABATE
0%
ÁSIA TAIPEY
0%
Nenhum quiz correspondente encontrado
Distribuição das Pontuações
Porcentagem de Pessoas com Cada Pontuação
Percentil de Números Respondidos
Sua Pontuação Histórica
Você não jogou esse quiz desde o último reset